Copa Mundial de la FIFA 1962 - Estadísticas

Estadísticas generales
  • Esta prueba ha sido intentada 82 veces
  • La puntuación promedio es 14 de 16
Estadísticas de respuestas
Respuesta % Correcto
Argentina
98%
Brasil
98%
Chile
98%
Uruguay
95%
Alemania Federal
94%
España
94%
México
92%
Yugoslavia
91%
Italia
89%
Inglaterra
88%
Unión Soviética
85%
Suiza
83%
Checoslovaquia
82%
Hungría
80%
Colombia
68%
Bulgaria
55%
No se encontraron pruebas coincidentes
Distribución de puntuación
Porcentaje de gente con cada puntuación
Porcentaje por número respondido
Historial de tus puntuaciones
No has intentado esta prueba.